|
|
|
|
| LEADER |
02074nam a2200517 a 4500 |
| 001 |
nkc20122372865 |
| 003 |
CZ PrNK |
| 005 |
20120910090754.0 |
| 007 |
ta |
| 008 |
120611s2012 xr e 000 0 cze |
| 015 |
|
|
|a cnb002372865
|
| 020 |
|
|
|a 978-80-210-5827-9
|q (brož.) :
|c neprodejné
|
| 035 |
|
|
|a (OCoLC)798996688
|
| 040 |
|
|
|a OLA001
|b cze
|
| 041 |
1 |
|
|a cze
|h eng
|
| 043 |
|
|
|a e------
|
| 072 |
|
7 |
|a 37.014
|x Vzdělávací a výchovná politika
|2 Konspekt
|9 22
|
| 080 |
|
|
|a 37.017.4
|2 MRF
|
| 080 |
|
|
|a 37.017.7
|2 MRF
|
| 080 |
|
|
|a 37.014.5
|2 MRF
|
| 080 |
|
|
|a (4)
|2 MRF
|
| 080 |
|
|
|a (062.13)
|2 MRF
|
| 245 |
0 |
0 |
|a Charta Rady Evropy o výchově k demokratickému občanství a lidským právům :
|b přijatá v rámci doporučení CM/Rec(2010)7 Výboru ministrů
|
| 250 |
|
|
|a 1. vyd.
|
| 260 |
|
|
|a Brno :
|b Masarykova univerzita,
|c 2012
|
| 300 |
|
|
|a 15 s. ;
|c 15 cm
|
| 500 |
|
|
|a Přeloženo z angličtiny
|
| 500 |
|
|
|a Na obálce: Masarykova univerzita, Centrum občanského vzdělávání, Rada Evropy
|
| 610 |
2 |
7 |
|a Rada Evropy
|7 kn20010711370
|2 czenas
|
| 650 |
0 |
7 |
|a výchova k občanství
|7 ph123572
|2 czenas
|
| 650 |
0 |
7 |
|a výchova k lidským právům
|7 ph127421
|2 czenas
|
| 650 |
0 |
7 |
|a vzdělávací politika
|7 ph127308
|z země Evropské unie
|2 czenas
|
| 650 |
0 |
9 |
|a citizenship education
|2 eczenas
|
| 650 |
0 |
9 |
|a human rights education
|2 eczenas
|
| 650 |
0 |
9 |
|a educational policy
|z European Union countries
|2 eczenas
|
| 655 |
|
7 |
|a charty
|7 fd662313
|2 czenas
|
| 655 |
|
9 |
|a charters
|2 eczenas
|
| 710 |
2 |
|
|a Rada Evropy
|7 kn20010711370
|
| 710 |
2 |
|
|a Masarykova univerzita.
|b Centrum občanského vzdělávání
|7 pna2012702518
|
| 765 |
0 |
|
|t Council of Europe Charter on education for democratic citizenship and human rights education
|9 Česky
|
| 910 |
2 |
|
|a BOA001
|b S-1290.306
|
| 990 |
|
|
|a BK
|
| 995 |
|
|
|a 01
|
| 991 |
|
|
|b 201209
|c NOV
|e n
|
| 996 |
6 |
|
|b 2610519351
|c S-1290.306
|l MZK
|r Sklad / do 24 hodin
|n 2
|p p.v.
|w 001273687
|u 000010
|a 1
|e BOA001
|j MZK50
|s P
|
| 996 |
6 |
|
|b 2610519352
|c S-1290.306
|l MZK
|r Sklad / do 24 hodin
|n 0
|p p.v.
|w 001273687
|u 000020
|a 1
|e BOA001
|j MZK50
|s P
|